les Joueurs ayant le plus haut ratio tirs/buts - Statistiques

Statistiques générales
  • Ce quiz a été pris 108 fois
  • Le résultat moyen est 13 sur 21
Statistiques - réponses
Place Joueur Ratio Buts Tirs % Correct
20 Cristiano Ronaldo 13,5% 254 1880
100%
6 Lionel Messi 18,7% 275 1473
99%
12 Neymar 16,7% 115 690
89%
9 Luis Suarez 18,1% 200 1105
84%
2 Edinson Cavani 19,1% 169 884
82%
8 Karim Benzema 18,3% 133 727
80%
10 Robert Lewandowski 17,2% 193 1124
80%
18 Zlatan Ibrahimovic 15,3% 126 822
71%
17 Sergio Aguero 15,7% 142 905
70%
11 Antoine Griezmann 17,1% 137 802
67%
14 Mohamed Salah 16,3% 109 668
62%
7 Alexandre Lacazette 18,6% 117 629
57%
3 Pierre-Emerick Aubameyang 19,1% 165 866
57%
13 Romelu Lukaku 16,6% 120 724
56%
16 Harry Kane 16% 129 806
53%
19 Gareth Bale 13,9% 115 830
51%
15 Gonzalo Higuain 16% 149 729
44%
5 Diego Costa 18,7% 102 545
41%
4 Mauro Icardi 18,9% 109 577
29%
1 Wissam Ben Yedder 19,7% 106 538
27%
21 Edin Dzeko 12,5% 119 951
26%
Aucun quiz correspondant
Distribution des résultats
% des personnes avec chaque résultat
Percentile par nombre de réponses
Votre historique - résultats
Vous n’avez pas pris ce quiz